000 01464nam a2200349 a 4500
001 ebr10294375
003 CaPaEBR
006 m u
007 cr cn|||||||||
008 760325s1960 utuab sb 000 0 eng d
010 _z 60064334
020 _z9781607818700
040 _aCaPaEBR
_cCaPaEBR
035 _a(OCoLC)647755412
043 _an-us-ca
_an-us-nv
050 1 4 _aF868.D2
_bH86 1960eb
082 0 4 _a970.4
100 1 _aHunt, Alice.
245 1 0 _aArcheology of the Death Valley salt pan, California
_h[electronic resource] /
_cAlice Hunt.
260 _a[Salt Lake City :
_bUniversity of Utah Press],
_c1960.
300 _axvi, 313 p. :
_bill., maps.
490 1 _aUniversity of Utah. Dept. of Anthropology. Anthropological papers ;
_vno. 47
504 _aBibliography: p. 293-305.
533 _aElectronic reproduction.
_bPalo Alto, Calif. :
_cebrary,
_d2013.
_nAvailable via World Wide Web.
_nAccess may be limited to ebrary affiliated libraries.
650 0 _aIndians of North America
_zDeath Valley (Calif. and Nev.)
650 0 _aIndians of North America
_xAntiquities.
651 0 _aDeath Valley (Calif. and Nev.)
_xAntiquities.
655 7 _aElectronic books.
_2local
710 2 _aebrary, Inc.
830 0 _aAnthropological papers (University of Utah. Dept. of Anthropology) ;
_vno. 47.
856 4 0 _uhttp://site.ebrary.com/lib/rucke/Doc?id=10294375
_zAn electronic book accessible through the World Wide Web; click to view
999 _c180163
_d180163